Geschichtsquiz USA - Statistiken

Allgemein
  • Dieses Quiz wurde 114 mal gespielt
  • Das Durchschnittsergebnis liegt bei 10 aus 20
Antwortstatistiken
Hint Antwort % Korrekt
1. Präsident George Washington
99%
1. Millionenstadt der USA New York City
90%
Land, von dem New York City die Freiheitsstatue geschenkt bekam Frankreich
87%
Jüngster Bundesstaat der USA Hawaii
74%
Staatsform der USA Republik
70%
Wurde im Sezessionskrieg von John Wilkes Booth ermordet Abraham Lincoln
67%
Gründungstag 4. Juli
55%
Weigerte sich, ihren Sitzplatz im Bus zu räumen Rosa Parks
52%
Konflikt, der 1962 fast eskaliert wäre Kubakrise
50%
1. Bundesstaat Delaware
48%
In dieser Stadt wurde der Space Needle errichtet Seattle
47%
Einziger Präsident mit mehr als 2 Amtszeiten Franklin D. Roosevelt
44%
Folgte auf Franklin D. Roosevelt als Präsident Harry Truman
43%
Die beiden Großparteien der USA Demokraten und Republikaner
38%
Setzten die USA im Vietnamkrieg als Entlaubungsmittel ein Agent Orange
30%
Land, in das die USA 1970 einmarschierte Kambodscha
19%
Diktator dieses Landes Pol Pot
14%
Gegen dieses Land führte die USA um 1900 herum 4 Jahre lang Krieg Philippinen
13%
Bundesstaat, in dem der Basketball erfunden wurde Massachusetts
12%
So wird South Dakota auch genannt Mount Rushmore State
6%
Keine übereinstimmenden Quizze gefunden
Verteilung der Resultate
Anzahl Personen mit jedem Resultat
Perzentil nach korrekt beantworteten Fragen
Ihre Resultats-Entwicklung
Sie haben dieses Quiz noch nicht gespielt